[Event "Russian Championship G19 2016"]
[Site "Loo"]
[Date "2016.04.24"]
[Round "5.2"]
[White "Lysenko, Margarita"]
[Black "Mamontova, Anastasia"]
[Result "1-0"]
[WhiteElo "2071"]
[BlackElo "2065"]
[PlyCount "67"]
[EventDate "2016.04.20"]

1. d4 Nf6 2. c4 Nc6 3. Nf3 e6 4. a3 d6 5. b4 g6 6. Bb2 Bg7 7. b5 Nb8 8. e3 O-O
9. Nbd2 Re8 10. Be2 Nbd7 11. O-O e5 12. Qc2 exd4 13. Bxd4 Nc5 14. Nb3 Bf5 15.
Qd1 Nfe4 16. Bxg7 Kxg7 17. Nfd4 Bd7 18. Bf3 Qg5 19. Qc2 f5 20. Rad1 Rad8 21.
Ne2 Be6 22. Nf4 Bg8 23. Nxc5 dxc5 24. Rxd8 Qxd8 25. Rd1 Qf6 26. h3 Qe5 27. Bxe4
fxe4 28. h4 Re7 29. a4 b6 30. g3 Bf7 31. Kg2 Be8 32. Rd5 Qf6 33. Rg5 c6 34.
Nh5+ 1-0

[Event "Russian Championship G19 2016"]
[Site "Loo"]
[Date "2016.04.24"]
[Round "5.3"]
[White "Arutyunova, Asya"]
[Black "Maslova, Polina"]
[Result "0-1"]
[WhiteElo "1941"]
[BlackElo "2096"]
[PlyCount "106"]
[EventDate "2016.04.20"]

1. c4 e5 2. g3 Nf6 3. Bg2 d5 4. cxd5 Nxd5 5. Nc3 Nb6 6. Nf3 Nc6 7. O-O Be7 8.
a3 O-O 9. b4 Be6 10. Rb1 f6 11. d3 a5 12. b5 Nd4 13. Nd2 Qc8 14. Re1 Rd8 15.
Bb2 a4 16. e3 Nb3 17. Bf1 Nc5 18. Qc2 Qd7 19. Nce4 Nxd3 20. Bxd3 Qxd3 21. Qxc7
Nd5 22. Qxb7 Bf5 23. f3 Rdb8 24. Qc6 Qxb5 25. Qc2 Rc8 26. Qd1 Qa6 27. g4 Be6
28. Nf1 Rd8 29. Qc2 Rac8 30. Qg2 Nb6 31. g5 Kf7 32. h4 Nc4 33. h5 Nxb2 34. g6+
hxg6 35. Qxg6+ Kf8 36. h6 gxh6 37. Rxb2 Bf7 38. Qxh6+ Ke8 39. Rbb1 Bb3 40. Nfd2
Kd7 41. Nxb3 axb3 42. Red1+ Kc7 43. Rdc1+ Kb8 44. Rxb3+ Ka8 45. Rxc8+ Qxc8 46.
Rc3 Qb8 47. Rc1 Rg8+ 48. Kf1 Qb5+ 49. Ke1 Rg1+ 50. Kd2 Qb2+ 51. Kd3 Rxc1 52.
Qh8+ Ka7 53. Qe8 Qc2# 0-1

[Event "Russian Championship G19 2016"]
[Site "Loo"]
[Date "2016.04.24"]
[Round "5.4"]
[White "Yakimenko, Viktoria"]
[Black "Chekmareva, Liya"]
[Result "1-0"]
[WhiteElo "2056"]
[BlackElo "2043"]
[PlyCount "55"]
[EventDate "2016.04.20"]

1. e4 c6 2. d4 d5 3. exd5 cxd5 4. Bd3 Nc6 5. c3 Qc7 6. Ne2 Bg4 7. f3 Bd7 8. Bf4
e5 9. dxe5 Nxe5 10. Bc2 Bd6 11. Qxd5 Bc6 12. Qd4 Bxf3 13. Ba4+ Kf8 14. Nd2 Bxe2
15. Kxe2 Nf6 16. Rhf1 Rd8 17. Rae1 Nc6 18. Qc4 Bxf4 19. Rxf4 Qd6 20. Nf3 Nd5
21. Rh4 Re8+ 22. Re4 Rxe4+ 23. Qxe4 Nf4+ 24. Kf1 Qd3+ 25. Kg1 Qxe4 26. Rxe4 Nd3
27. Bxc6 bxc6 28. Rd4 1-0

[Event "Russian Championship G19 2016"]
[Site "Loo"]
[Date "2016.04.24"]
[Round "5.5"]
[White "Drogovoz, Irina"]
[Black "Shapar, Tatiana"]
[Result "1-0"]
[WhiteElo "2205"]
[BlackElo "1932"]
[PlyCount "45"]
[EventDate "2016.04.20"]

1. d4 d5 2. c4 c6 3. Nf3 Nf6 4. Nc3 dxc4 5. a4 Bf5 6. Ne5 e6 7. Nxc4 Na6 8. f3
c5 9. dxc5 Qxd1+ 10. Kxd1 O-O-O+ 11. Ke1 Nb4 12. Na3 Bxc5 13. e4 Bg6 14. Bg5 h6
15. Bd2 Nd7 16. Rc1 Kb8 17. Nc2 f5 18. Bb5 Nxc2+ 19. Rxc2 a6 20. Bxd7 Rxd7 21.
Ke2 Bd4 22. Rd1 Bxc3 23. Bf4+ 1-0

[Event "Russian Championship G19 2016"]
[Site "Loo"]
[Date "2016.04.24"]
[Round "5.6"]
[White "Antipova, Anastasia"]
[Black "Alekseeva, Irina"]
[Result "1-0"]
[WhiteElo "2103"]
[BlackElo "2177"]
[PlyCount "61"]
[EventDate "2016.04.20"]

1. e4 c5 2. Nc3 e6 3. Nf3 Nc6 4. Bb5 Nd4 5. Nxd4 cxd4 6. Ne2 Qg5 7. Bd3 Qxg2 8.
Ng3 Qh3 9. c3 Bc5 10. Qf3 Ne7 11. Bf1 Qh4 12. Nh5 O-O 13. Rg1 Ng6 14. h3 dxc3
15. Nxg7 Bxf2+ 16. Qxf2 Qxe4+ 17. Be2 Kxg7 18. dxc3 f5 19. h4 h5 20. Bf4 Kf7
21. Bg5 d5 22. O-O-O Rh8 23. Bd3 Qe5 24. Be3 Rh7 25. Rg5 Bd7 26. Rdg1 Rh6 27.
Be2 Rah8 28. R5g2 Nxh4 29. Bd4 Qe4 30. Rg7+ Ke8 31. Bd3 1-0

[Event "Russian Championship G19 2016"]
[Site "Loo"]
[Date "2016.04.24"]
[Round "5.7"]
[White "Matiukova, Uliana"]
[Black "Solozhenkina, Elizaveta"]
[Result "0-1"]
[WhiteElo "2161"]
[BlackElo "2137"]
[PlyCount "104"]
[EventDate "2016.04.20"]

1. d4 Nf6 2. c4 g6 3. Nc3 d5 4. cxd5 Nxd5 5. e4 Nxc3 6. bxc3 Bg7 7. Nf3 c5 8.
Rb1 O-O 9. Be2 Nc6 10. d5 Ne5 11. Nxe5 Bxe5 12. Qd2 Qa5 13. Rb3 Bd7 14. f4 Bg7
15. Ra3 Qc7 16. c4 Bd4 17. e5 b5 18. Bb2 bxc4 19. Bxd4 cxd4 20. Qxd4 Qb6 21.
Qxc4 Rfc8 22. Qb3 Rc1+ 23. Bd1 Qd4 24. Qf3 Rxd1+ 25. Qxd1 Qb4+ 26. Qd2 Qxa3 27.
O-O Qc5+ 28. Kh1 Rc8 29. h3 Bf5 30. d6 exd6 31. exd6 Rd8 32. Rd1 h5 33. Qb2 Kh7
34. Qf6 Rd7 35. Kh2 Qe3 36. Rd4 Qe6 37. Qe5 Qxe5 38. fxe5 g5 39. Kg3 h4+ 40.
Kf3 Kg6 41. a4 f6 42. exf6 Kxf6 43. g4 hxg3 44. h4 gxh4 45. Rxh4 Rg7 46. Kg2
Be6 47. Rh5 Bf5 48. Rh4 Ke5 49. Rh5 Kf4 50. Rh4+ Ke3 51. Rc4 Be4+ 52. Kg1 Rh7
0-1

[Event "Russian Championship G19 2016"]
[Site "Loo"]
[Date "2016.04.24"]
[Round "5.8"]
[White "Dolgaeva, Evgenia"]
[Black "Marjina, Arina"]
[Result "0-1"]
[WhiteElo "1931"]
[BlackElo "2024"]
[PlyCount "108"]
[EventDate "2016.04.20"]

1. e4 c5 2. Nf3 d6 3. d4 cxd4 4. Nxd4 Nf6 5. Nc3 a6 6. h3 e5 7. Nde2 Be7 8. g4
Be6 9. Bg2 O-O 10. Ng3 b5 11. a3 Nbd7 12. Nf5 Nb6 13. Nxe7+ Qxe7 14. O-O Nfd7
15. Ne2 Nc5 16. f4 exf4 17. Bxf4 Rfd8 18. Nd4 Rac8 19. Nf5 Bxf5 20. exf5 d5 21.
Qd4 Ncd7 22. Rf2 Rc4 23. Qd2 Qf6 24. c3 Qc6 25. Re1 h6 26. g5 hxg5 27. Bxg5 Nf6
28. Re3 Qd6 29. b3 Rcc8 30. Qd4 Nbd7 31. Qh4 Re8 32. Rg3 Ne4 33. Bxe4 Rxe4 34.
Bf4 Qf6 35. Qg4 Rxc3 36. Rxc3 Qxc3 37. Kg2 Qd4 38. Qg3 Re1 39. f6 Qe4+ 40. Qf3
Qxf3+ 41. Rxf3 Nxf6 42. Rd3 Rb1 43. Be5 Ne4 44. b4 f6 45. Bf4 Ra1 46. Kf3 f5
47. Be5 Ra2 48. Ke3 Kf7 49. Kd4 Ke6 50. Bxg7 f4 51. Bh6 Rf2 52. h4 Rh2 53. Bxf4
Rxh4 54. Ke3 Nd6 0-1

[Event "Russian Championship G19 2016"]
[Site "Loo"]
[Date "2016.04.24"]
[Round "5.9"]
[White "Ochneva, Inga"]
[Black "Diakonova, Ekaterina"]
[Result "0-1"]
[WhiteElo "2042"]
[BlackElo "2281"]
[PlyCount "56"]
[EventDate "2016.04.20"]

1. e4 c6 2. d4 d5 3. Nc3 dxe4 4. Nxe4 Bf5 5. Ng3 Bg6 6. Bc4 e6 7. N1e2 Qh4 8.
O-O Bd6 9. f4 Ne7 10. Nc3 Nf5 11. Nce4 Qe7 12. Nxf5 Bxf5 13. Nxd6+ Qxd6 14. a4
O-O 15. c3 Nd7 16. b3 Rfd8 17. Qe2 Nf6 18. Ba3 Qc7 19. Rac1 a6 20. Bd3 Bxd3 21.
Qxd3 c5 22. Qc4 Ne4 23. Qe2 f5 24. dxc5 Rd2 25. Qf3 Ra2 26. Bb4 a5 27. Bxa5
Qxc5+ 28. Kh1 Qxa5 0-1

[Event "Russian Championship G19 2016"]
[Site "Loo"]
[Date "2016.04.24"]
[Round "5.10"]
[White "Lingur, Zalina"]
[Black "Shakirova, Renata"]
[Result "1-0"]
[WhiteElo "2216"]
[BlackElo "1924"]
[PlyCount "71"]
[EventDate "2016.04.20"]

1. e4 c5 2. Nf3 Nc6 3. d4 cxd4 4. Nxd4 Qb6 5. Nb3 Nf6 6. Nc3 e6 7. Be3 Qc7 8.
a3 a6 9. f4 d6 10. Be2 Be7 11. Qd2 b5 12. g4 h6 13. O-O-O Bb7 14. h4 Na5 15.
Nxa5 Qxa5 16. Bf3 b4 17. axb4 Qa1+ 18. Nb1 Bxe4 19. Bxe4 Nxe4 20. Qd4 d5 21. g5
Ng3 22. Qxg7 Kd7 23. Rh3 Nf5 24. Qe5 Bd6 25. Rxd5 exd5 26. Qxf5+ Kc6 27. Bd4
Bxb4 28. Bxh8 Re8 29. Be5 Qa5 30. Rd3 hxg5 31. hxg5 Qc5 32. Nc3 Qg1+ 33. Nd1
Re7 34. Qc8+ Kb5 35. Rxd5+ Bc5 36. Bd4 1-0

[Event "Russian Championship G19 2016"]
[Site "Loo"]
[Date "2016.04.24"]
[Round "5.11"]
[White "Yakimenko, Anastasia"]
[Black "Kalinovskaya, Lyudmila"]
[Result "1-0"]
[WhiteElo "2050"]
[BlackElo "1618"]
[PlyCount "39"]
[EventDate "2016.04.20"]

1. c4 f5 2. Nc3 e5 3. e4 d6 4. d3 Nf6 5. Be2 c6 6. Nf3 Be7 7. c5 Na6 8. cxd6
Qxd6 9. O-O fxe4 10. dxe4 Nc5 11. Qc2 a5 12. Bg5 Be6 13. Bh4 O-O 14. Ng5 Kh8
15. Rad1 Qc7 16. Na4 Nfxe4 17. Nxc5 Bxc5 18. Nxe6 Rxf2 19. Bxf2 Bxf2+ 20. Rxf2
1-0

[Event "Russian Championship G19 2016"]
[Site "Loo"]
[Date "2016.04.24"]
[Round "5.12"]
[White "Sayafarova, Anna"]
[Black "Khatmullina, Dilara"]
[Result "1-0"]
[WhiteElo "1947"]
[BlackElo "2049"]
[PlyCount "73"]
[EventDate "2016.04.20"]

1. e4 e5 2. Nf3 Nc6 3. Bb5 a6 4. Bxc6 dxc6 5. O-O f6 6. d4 exd4 7. Nxd4 c5 8.
Nb3 Qxd1 9. Rxd1 Bd6 10. Nc3 Be6 11. Be3 b6 12. Nd5 O-O-O 13. Nd2 f5 14. Bg5
Rd7 15. Nc4 h6 16. Ndxb6+ cxb6 17. Nxd6+ Kc7 18. Bf4 Kc6 19. Nxf5 Nf6 20. Rxd7
Bxd7 21. Ne7+ Kb7 22. Ng6 Re8 23. f3 Bb5 24. Rd1 Re6 25. Rd6 Rxd6 26. Bxd6 Be8
27. Nh4 g6 28. g4 Kc6 29. Bg3 b5 30. Kf2 Nd7 31. Ke3 Nb6 32. b3 b4 33. Ng2 Nc8
34. Ne1 Na7 35. Be5 Kd7 36. f4 Bf7 37. Nd3 1-0

[Event "Russian Championship G19 2016"]
[Site "Loo"]
[Date "2016.04.24"]
[Round "5.13"]
[White "Resmyatova, Antonina"]
[Black "Leontyeva, Anastasija"]
[Result "1/2-1/2"]
[WhiteElo "2045"]
[BlackElo "1823"]
[PlyCount "109"]
[EventDate "2016.04.20"]

1. d4 Nf6 2. Nf3 e6 3. e3 b6 4. Bd3 Bb7 5. O-O Be7 6. c4 O-O 7. Nc3 d5 8. cxd5
Nxd5 9. e4 Nxc3 10. bxc3 c5 11. Qe2 Nc6 12. Bb2 cxd4 13. cxd4 Nb4 14. Bc4 Rc8
15. Rfc1 Re8 16. a3 Nc6 17. Bb5 Rf8 18. Rd1 Na5 19. Qd3 Bf6 20. h3 Bc6 21. Rac1
Rc7 22. Bxc6 Rxc6 23. Rxc6 Nxc6 24. Qb5 Na5 25. Rc1 Qb8 26. e5 Bd8 27. a4 Qb7
28. Bc3 Qc6 29. Qxc6 Nxc6 30. Bd2 Ne7 31. Bb4 Re8 32. Nd2 Nd5 33. Bd6 Bg5 34.
Rc2 h6 35. Ne4 Be7 36. Bxe7 Rxe7 37. Rc8+ Kh7 38. Nd6 Kg6 39. g3 a5 40. Nb5 Rb7
41. Kf1 Ne7 42. Rd8 Nc6 43. Rd6 Nb4 44. Rd8 Nc6 45. Rc8 Ne7 46. Rd8 Nc6 47. Rc8
Ne7 48. Rc4 Nd5 49. Ke2 h5 50. h4 Rd7 51. Rc6 Kf5 52. Kf3 Kg6 53. Rc8 Rb7 54.
Rc6 Nb4 55. Rd6 1/2-1/2

[Event "Russian Championship G19 2016"]
[Site "Loo"]
[Date "2016.04.24"]
[Round "5.14"]
[White "Bocharova, Ulyana"]
[Black "Baryshnikova, Natalija"]
[Result "0-1"]
[WhiteElo "1939"]
[BlackElo "1953"]
[PlyCount "78"]
[EventDate "2016.04.20"]

1. d4 Nf6 2. c4 e6 3. Nc3 Bb4 4. Qc2 b6 5. Bf4 Bb7 6. e3 h6 7. Nf3 Ne4 8. Bd3
Bxc3+ 9. bxc3 f5 10. O-O g5 11. Be5 Rg8 12. Bg3 d6 13. Nd2 Nf6 14. f3 Qe7 15.
e4 f4 16. Bf2 e5 17. dxe5 dxe5 18. c5 Nbd7 19. cxb6 axb6 20. Bc4 Rg7 21. Kh1 g4
22. fxg4 Nxg4 23. Nf3 Nxf2+ 24. Rxf2 O-O-O 25. Rd2 Nc5 26. Rxd8+ Qxd8 27. Nxe5
Qf6 28. Nf3 Nxe4 29. Rc1 Ng5 30. Be2 Ne4 31. Bc4 Nd6 32. Bd3 h5 33. Qf2 Rg4 34.
Qe2 Kb8 35. Ba6 Bc6 36. Rc2 Qg7 37. Qe5 Qg6 38. Ne1 f3 39. Bf1 Re4 0-1

[Event "Russian Championship G19 2016"]
[Site "Loo"]
[Date "2016.04.24"]
[Round "5.16"]
[White "Sataeva, Lana"]
[Black "Yarisko, Arina"]
[Result "1-0"]
[WhiteElo "1726"]
[BlackElo "1863"]
[PlyCount "107"]
[EventDate "2016.04.20"]

1. e4 e6 2. d4 d5 3. Nd2 Nf6 4. e5 Nfd7 5. Ngf3 c5 6. dxc5 Bxc5 7. Bd3 Nc6 8.
Nb3 Be7 9. Bf4 g5 10. Bg3 g4 11. Nfd4 Ncxe5 12. Bb5 Bf6 13. Bxe5 Bxe5 14. Qxg4
a6 15. Bd3 Qf6 16. c3 h5 17. Qe2 Nf8 18. O-O-O Bd7 19. g3 b5 20. Bc2 b4 21. Nf3
Bd6 22. cxb4 Bxb4 23. Rxd5 Bc6 24. Rd3 Rc8 25. Nbd4 Bd5 26. Kb1 Bc4 27. Ba4+
Nd7 28. Bxd7+ Kxd7 29. Ne5+ Ke8 30. Nxc4 Rxc4 31. Rhd1 Rc8 32. Rf3 Qe7 33. Qxa6
Qc5 34. Qb5+ Qxb5 35. Nxb5 Ke7 36. Rfd3 Rhd8 37. Rxd8 Rxd8 38. Rxd8 Kxd8 39.
Nc3 Ke7 40. Kc2 f5 41. Kd3 Bc5 42. Nd1 Kd6 43. a3 Kc6 44. Ne3 Kb5 45. Ke2 Ka4
46. Ng2 Bd4 47. Nf4 Bxb2 48. Nxe6 Kxa3 49. Kf3 Kb4 50. Kf4 Kc4 51. Kxf5 Kd5 52.
Nf4+ Kd6 53. Nxh5 Bd4 54. f4 1-0

[Event "Russian Championship G19 2016"]
[Site "Loo"]
[Date "2016.04.24"]
[Round "5.17"]
[White "Mukhtarova, Viktoriya"]
[Black "Zhivotovskaya, Asya"]
[Result "1-0"]
[WhiteElo "1899"]
[BlackElo "1951"]
[PlyCount "111"]
[EventDate "2016.04.20"]

1. Nf3 d5 2. g3 c5 3. Bg2 Nc6 4. O-O e5 5. d3 Bd6 6. Nbd2 Nge7 7. e4 d4 8. Nc4
Bc7 9. a4 f6 10. Nh4 Be6 11. f4 exf4 12. gxf4 O-O 13. b3 a6 14. f5 Bf7 15. Qg4
Kh8 16. Bf4 Rb8 17. Rf3 b5 18. Rg3 Rg8 19. axb5 axb5 20. Nd2 g5 21. fxg6 Nxg6
22. Nxg6+ Rxg6 23. Qh4 Bxf4 24. Qxf4 Ne5 25. Ra6 Rb6 26. Ra7 Kg7 27. Nf3 Nc6
28. Rc7 Rxg3 29. Qxg3+ Kf8 30. Bh3 Ne7 31. Rxc5 Be8 32. Qf4 Kg8 33. Qc7 Qxc7
34. Rxc7 Nc6 35. Bd7 Bxd7 36. Rxd7 Ra6 37. Nxd4 Ra1+ 38. Kg2 Ra2 39. Nxc6 Rxc2+
40. Kf3 Rxc6 41. b4 Rc3 42. Kf4 Rc2 43. h4 Rf2+ 44. Kg4 Rg2+ 45. Kf5 Rf2+ 46.
Ke6 Rf4 47. h5 h6 48. Rf7 Rf3 49. Rd7 Rh3 50. Kxf6 Rxh5 51. e5 Rh3 52. e6 Re3
53. Rd8+ Kh7 54. e7 Rf3+ 55. Ke5 Re3+ 56. Kd6 1-0

[Event "Russian Championship G19 2016"]
[Site "Loo"]
[Date "2016.04.24"]
[Round "5.18"]
[White "Porozhnyak, Maya"]
[Black "Polkhovskaya, Polina"]
[Result "1-0"]
[WhiteElo "2007"]
[BlackElo "1822"]
[PlyCount "81"]
[EventDate "2016.04.20"]

1. e4 e5 2. Nf3 Nc6 3. d4 exd4 4. Nxd4 Nf6 5. Nxc6 bxc6 6. Bd3 Bb4+ 7. c3 Be7
8. e5 Nd5 9. Qg4 g6 10. Bh6 Bf8 11. Bxf8 Kxf8 12. O-O Qe7 13. Qd4 Qe6 14. f4
Ne7 15. Nd2 Qd5 16. Qe3 Nf5 17. Qh3 d6 18. g4 Qc5+ 19. Rf2 Qe3 20. Qxe3 Nxe3
21. h3 h5 22. Re1 Nd5 23. f5 gxf5 24. gxf5 dxe5 25. Rxe5 f6 26. Re1 Rg8+ 27.
Kh2 Rg5 28. Nf3 Rg7 29. Nd4 Bd7 30. Ne6+ Bxe6 31. Rxe6 Re8 32. Rxc6 Re3 33. Bc4
Ne7 34. Rxf6+ Ke8 35. Re6 Rxe6 36. Bxe6 Rh7 37. f6 Nc6 38. Rg2 Rh8 39. Rg7 Nd8
40. Rxc7 Nxe6 41. Re7+ 1-0

[Event "Russian Championship G19 2016"]
[Site "Loo"]
[Date "2016.04.24"]
[Round "5.19"]
[White "Nenasheva, Diana"]
[Black "Efimova, Anastasia"]
[Result "0-1"]
[WhiteElo "1740"]
[BlackElo "1832"]
[PlyCount "72"]
[EventDate "2016.04.20"]

1. d4 d5 2. c4 c6 3. Nf3 e6 4. Nc3 Nf6 5. e3 Nbd7 6. Qc2 Bd6 7. b3 O-O 8. Bd3
Qe7 9. Bb2 e5 10. dxe5 Nxe5 11. Nxe5 Bxe5 12. cxd5 cxd5 13. O-O Bxh2+ 14. Kxh2
Ng4+ 15. Kg3 h5 16. Nb5 Qg5 17. Kf3 Nh2+ 18. Ke2 Bg4+ 19. f3 Nxf1 20. Rxf1 Bd7
21. Kf2 Rac8 22. Bc3 Bxb5 23. Bxb5 d4 24. exd4 Qxb5 25. Qd2 Qc6 26. Rc1 Qd5 27.
Bb4 Rxc1 28. Bxf8 Qc6 29. Bc5 Rh1 30. b4 b6 31. d5 Qa4 32. Be7 Rd1 33. Qc3
Qxa2+ 34. Kg3 Qxd5 35. Qc8+ Kh7 36. Qc2+ Qd3 0-1

[Event "Russian Championship B11 1st league 2016"]
[Site "Loo"]
[Date "2016.04.24"]
[Round "5.1"]
[White "Ivanov, Artem"]
[Black "Danchenko, Artemiy"]
[Result "0-1"]
[WhiteElo "1577"]
[BlackElo "1770"]
[PlyCount "56"]
[EventDate "2016.04.20"]

1. e4 e5 2. Nf3 Nc6 3. Bb5 a6 4. Ba4 Nf6 5. d3 b5 6. Bb3 d6 7. c3 Be7 8. O-O
O-O 9. Nbd2 Na5 10. Bc2 c5 11. Re1 Nc6 12. Nf1 Qc7 13. Ng3 d5 14. Nf5 dxe4 15.
dxe4 Rd8 16. Qe2 Be6 17. Be3 Bc4 18. Nxe7+ Qxe7 19. Qd2 Rxd2 20. Nxd2 Be6 21.
Nb3 c4 22. Nd2 b4 23. Ba4 Rc8 24. Rac1 bxc3 25. Rxc3 Nd4 26. f4 Ng4 27. f5 Qh4
28. h3 Qxe1+ 0-1

[Event "Russian Championship B11 1st league 2016"]
[Site "Loo"]
[Date "2016.04.24"]
[Round "5.2"]
[White "Khubukshanov, Erdem"]
[Black "Kuzmin, Roman"]
[Result "1-0"]
[WhiteElo "1573"]
[BlackElo "1756"]
[PlyCount "95"]
[EventDate "2016.04.20"]

1. e4 e5 2. Nf3 Nc6 3. Bc4 Bc5 4. d3 Nf6 5. O-O d6 6. c3 h6 7. Re1 O-O 8. Nbd2
Kh8 9. Nf1 Ng4 10. Be3 Nxe3 11. fxe3 f5 12. exf5 Bxf5 13. d4 exd4 14. exd4 Bb6
15. Kh1 Bg4 16. Be2 Rf7 17. h3 Bf5 18. Ng3 Bh7 19. Bc4 d5 20. Bd3 Bxd3 21. Qxd3
Qd7 22. Nh4 Ne7 23. Re5 Kg8 24. Rae1 Raf8 25. Qe3 g5 26. Nf3 Rxf3 27. Rxg5+ Kh8
28. Qe5+ R3f6 29. Nh5 hxg5 30. Rf1 Ng6 31. Rxf6 Nxe5 32. Rxf8+ Kh7 33. Nf6+ Kg7
34. Nxd7 Nxd7 35. Rf5 Nf6 36. Rxg5+ Kf7 37. g4 c5 38. dxc5 Bxc5 39. h4 Ke6 40.
Rg6 Kf7 41. h5 b5 42. Kg2 b4 43. Rg5 Be3 44. Rf5 Ke6 45. Kf3 Bc1 46. cxb4 Bxb2
47. Rg5 d4 48. a4 1-0

[Event "Russian Championship B11 1st league 2016"]
[Site "Loo"]
[Date "2016.04.24"]
[Round "5.3"]
[White "Israfilov, Ali"]
[Black "Kolchin, Maxim"]
[Result "1-0"]
[WhiteElo "1518"]
[BlackElo "1666"]
[PlyCount "84"]
[EventDate "2016.04.20"]

1. e4 g6 2. d4 Bg7 3. Nf3 c6 4. c4 d6 5. Be2 e5 6. d5 Ne7 7. Nc3 O-O 8. O-O Na6
9. Be3 c5 10. Qd2 Nc7 11. Bh6 f5 12. Bxg7 Kxg7 13. Ne1 f4 14. Nd3 Ne8 15. a3
Nf6 16. b4 b6 17. b5 Qe8 18. a4 Bd7 19. a5 g5 20. Qb2 Qg6 21. f3 g4 22. axb6
axb6 23. Ra6 gxf3 24. Bxf3 Rxa6 25. bxa6 Nc8 26. Ra1 Bg4 27. Bxg4 Nxg4 28. a7
Nxa7 29. Rxa7+ Kh6 30. Qe2 f3 31. gxf3 Nxh2+ 32. Kxh2 Qh5+ 33. Kg1 Rg8+ 34. Kf2
Qh4+ 35. Ke3 Qg5+ 36. f4 exf4+ 37. Nxf4 Qg3+ 38. Qf3 Qe1+ 39. Nce2 Qh4 40. Qh5+
Qxh5 41. Nxh5 Kxh5 42. Rxh7+ Kg6 1-0

[Event "Russian Championship B11 1st league 2016"]
[Site "Loo"]
[Date "2016.04.24"]
[Round "5.4"]
[White "Tretyakov, Vladimir"]
[Black "Smirnov, Saveliy"]
[Result "0-1"]
[WhiteElo "1809"]
[BlackElo "1501"]
[PlyCount "64"]
[EventDate "2016.04.20"]

1. e4 c5 2. Nf3 d6 3. d4 cxd4 4. Nxd4 Nf6 5. Nc3 a6 6. Be2 e5 7. Nb3 Be6 8. O-O
Be7 9. Be3 O-O 10. Qd2 Nbd7 11. f4 exf4 12. Bxf4 Bxb3 13. axb3 b5 14. Bf3 Rc8
15. Rfd1 b4 16. Ne2 Qb6+ 17. Be3 Qc7 18. Nd4 Ne5 19. Nf5 Rfd8 20. Nxe7+ Qxe7
21. Rxa6 Nxf3+ 22. gxf3 d5 23. e5 Qxe5 24. Bd4 Qf5 25. Bxf6 gxf6 26. Qd3 Qe5
27. Kh1 Kh8 28. Ra7 Qh5 29. c3 Rg8 30. Qxd5 Qg6 31. f4 Rcd8 32. Qxd8 Qg2# 0-1

[Event "Russian Championship B11 1st league 2016"]
[Site "Loo"]
[Date "2016.04.24"]
[Round "5.5"]
[White "Ermolaev, Ivan"]
[Black "Azizyan, Levon"]
[Result "1-0"]
[WhiteElo "1632"]
[BlackElo "1402"]
[PlyCount "73"]
[EventDate "2016.04.20"]

1. e4 e5 2. Nf3 Nc6 3. d4 exd4 4. Bc4 Be7 5. c3 d3 6. O-O d6 7. Bf4 Nf6 8. Bxd3
O-O 9. Nbd2 Bg4 10. Qc2 Nh5 11. Be3 Ne5 12. Nxe5 dxe5 13. h3 Be6 14. Nf3 Bd6
15. Rad1 Qe7 16. b3 h6 17. c4 c5 18. Rfe1 Nf6 19. Bd2 Nd7 20. Bc3 f6 21. Nh4
Kh7 22. Be2 g5 23. Nf5 Bxf5 24. exf5 Bc7 25. Bf3 Rab8 26. Be4 h5 27. Qe2 Kh6
28. Bf3 Qh7 29. Bxh5 Qxf5 30. Bg4 Qh7 31. Rxd7 Qg6 32. Rxc7 f5 33. Bh5 Qxh5 34.
Rh7+ Kxh7 35. Qxh5+ Kg8 36. Qg6+ Kh8 37. Bxe5+ 1-0

[Event "Russian Championship B11 1st league 2016"]
[Site "Loo"]
[Date "2016.04.24"]
[Round "5.7"]
[White "Shemyakinskiy, Nikita"]
[Black "Mochalov, Dmitriy"]
[Result "1/2-1/2"]
[WhiteElo "1371"]
[BlackElo "1558"]
[PlyCount "81"]
[EventDate "2016.04.20"]

1. d4 Nf6 2. e3 d5 3. Bd3 c5 4. c3 Nc6 5. f4 Bg4 6. Nf3 e6 7. O-O Bd6 8. Qe1 c4
9. Bc2 O-O 10. Nbd2 b5 11. Qg3 Ne7 12. Ne5 Bf5 13. Bxf5 Nxf5 14. Qe1 Nd7 15.
Rf3 Bxe5 16. fxe5 Qh4 17. Qxh4 Nxh4 18. Rh3 Ng6 19. Rf3 f6 20. exf6 Rxf6 21.
Rxf6 Nxf6 22. h3 a5 23. b3 Rb8 24. Rb1 cxb3 25. Rxb3 Rc8 26. Bb2 Rb8 27. a4 b4
28. c4 Ne7 29. c5 Nc6 30. Nf3 Ne4 31. Kf1 Kf7 32. Ke2 Kf6 33. Nd2 Nxd2 34. Kxd2
Rf8 35. e4 Ke7 36. exd5 exd5 37. Ke2 Rf4 38. Rd3 Ke6 39. Re3+ Re4 40. Kf3 Rxe3+
41. Kxe3 1/2-1/2

[Event "Russian Championship B11 1st league 2016"]
[Site "Loo"]
[Date "2016.04.24"]
[Round "5.8"]
[White "Gukhman, Sergey"]
[Black "Shemakhanov, Danila"]
[Result "0-1"]
[WhiteElo "1669"]
[BlackElo "1454"]
[PlyCount "44"]
[EventDate "2016.04.20"]

1. d4 Nf6 2. c4 e6 3. Nc3 Bb4 4. Qc2 d5 5. cxd5 exd5 6. Bg5 Nc6 7. e3 O-O 8.
Bd3 h6 9. Bh4 Re8 10. Nf3 Bg4 11. O-O Bxf3 12. gxf3 g5 13. Bg3 Bd6 14. a3 Bxg3
15. hxg3 Kg7 16. Kg2 Rh8 17. Rh1 h5 18. Kf1 Qe7 19. Qb3 Qd7 20. Ke2 Rhe8 21.
Rh2 Nxd4+ 22. Kf1 Nxb3 0-1

[Event "Russian Championship B11 1st league 2016"]
[Site "Loo"]
[Date "2016.04.24"]
[Round "5.9"]
[White "Andreev, Aleksei"]
[Black "Murashko, Vladislav"]
[Result "0-1"]
[WhiteElo "1629"]
[BlackElo "1437"]
[PlyCount "108"]
[EventDate "2016.04.20"]

1. e4 c6 2. d4 d5 3. Nc3 dxe4 4. Nxe4 Nd7 5. Nf3 Ngf6 6. Ng3 e6 7. Bf4 Be7 8.
Bd3 Nd5 9. Be3 b6 10. Be4 N7f6 11. Bxd5 Nxd5 12. Ne5 Qc7 13. Qf3 Bf6 14. Ng4
Be7 15. Ne5 Bf6 16. Ng4 Be7 17. Ne4 f5 18. Ne5 fxe4 19. Qh5+ g6 20. Nxg6 hxg6
21. Qxh8+ Kd7 22. Qg7 Nxe3 23. fxe3 g5 24. Qg6 Ba6 25. O-O-O Rh8 26. Qxe4 Rh4
27. Qe5 Qd6 28. g3 Rh5 29. Qg7 Qd5 30. Qf7 Qxa2 31. c3 Rh8 32. h4 gxh4 33. gxh4
Bb5 34. Qg7 Qa1+ 35. Kc2 Ba4+ 36. Kd3 Bxd1 37. Qxh8 Be2+ 38. Kxe2 Qxh1 39. h5
Qh4 40. h6 Qf6 41. Qg7 Qf8 42. Qg6 Bf6 43. h7 Qg7 44. Qxg7+ Bxg7 45. Kf3 Ke7
46. Kg4 Kf6 47. Kh5 a6 48. b3 e5 49. c4 exd4 50. exd4 Ke6 51. c5 bxc5 52. dxc5
Kd5 53. Kg6 Bc3 54. Kf7 Kxc5 0-1

[Event "Russian Championship B11 1st league 2016"]
[Site "Loo"]
[Date "2016.04.24"]
[Round "5.10"]
[White "Gorkov, Mikhail"]
[Black "Pavlov, Mark"]
[Result "0-1"]
[WhiteElo "1433"]
[BlackElo "1624"]
[PlyCount "112"]
[EventDate "2016.04.20"]

1. e4 e6 2. d4 d5 3. e5 c5 4. c3 Nc6 5. Nf3 Nge7 6. a3 Bd7 7. b4 cxd4 8. cxd4
Nf5 9. Be3 b5 10. Bxb5 Nxe5 11. Bxd7+ Nxd7 12. O-O Be7 13. Nc3 O-O 14. Rc1 Nb6
15. Nd2 Rc8 16. Nb5 Qd7 17. Nc3 Nd6 18. Qg4 Nf5 19. Nf3 Nc4 20. Ne2 Nxa3 21.
Bf4 Bf6 22. Be5 Qe7 23. Bxf6 Qxf6 24. Ra1 Nb5 25. Ra5 Nfd6 26. Ne5 Qe7 27. Ng3
f6 28. Nd3 e5 29. Re1 e4 30. Qh5 Qf7 31. Nf4 Qxh5 32. Ngxh5 Rc4 33. Rb1 Rfc8
34. h3 Rxd4 35. Ne6 Rd2 36. Nc5 Re8 37. Nb3 Rc2 38. Nf4 d4 39. Na1 Rc4 40. Re1
Rxb4 41. Nc2 Rb2 42. Na3 Nxa3 43. Rxa3 Nb5 44. Rg3 Kf7 45. Nh5 g6 46. Nf4 a5
47. Ra1 Ra8 48. Nd5 d3 49. Ne3 Ra6 50. Nc4 Rc2 51. Ne3 Rc5 52. Kf1 f5 53. f4
Nd4 54. Nd1 a4 55. Kf2 a3 56. Ke3 Nc2+ 0-1

[Event "Russian Championship B11 1st league 2016"]
[Site "Loo"]
[Date "2016.04.24"]
[Round "5.11"]
[White "Kuprin, Alexander"]
[Black "Rychikhin, Vladislav"]
[Result "1-0"]
[WhiteElo "1609"]
[BlackElo "1406"]
[PlyCount "71"]
[EventDate "2016.04.20"]

1. e4 c6 2. d4 d5 3. exd5 cxd5 4. c3 Nc6 5. Nf3 Bg4 6. Be2 Nf6 7. O-O e6 8. Bf4
Be7 9. Nbd2 O-O 10. h3 Bxf3 11. Nxf3 Qb6 12. Rb1 Rac8 13. Re1 Na5 14. Bd3 Nc4
15. Ne5 Nxe5 16. dxe5 Nd7 17. Qc2 h6 18. Qd2 f6 19. Bxh6 Nxe5 20. Be3 Qd6 21.
Bf4 a6 22. Qe2 Qc5 23. Bxe5 fxe5 24. Qh5 e4 25. Be2 Qxf2+ 26. Kh1 Qh4 27. Qe5
Qf6 28. Qg3 Qh6 29. Bg4 Kh8 30. Qe5 Rf6 31. Rbd1 Rcf8 32. Qc7 Bd8 33. Qd6 Rg6
34. Qxf8+ Kh7 35. Bxe6 Qg5 36. Qg8+ 1-0